|
|
|
|
| LEADER |
00000naa2a2200000 4500 |
| 001 |
382906 |
| 005 |
20231101063038.0 |
| 035 |
|
|
|a (RuTPU)RU\TPU\prd\7655
|
| 090 |
|
|
|a 382906
|
| 100 |
|
|
|a 20021021a2002 k y0rusy50 ca
|
| 101 |
0 |
|
|a rus
|
| 102 |
|
|
|a RU
|
| 200 |
1 |
|
|a Протоны против рака
|f Б. Н. Яблоков
|
| 225 |
1 |
|
|a Рефераты
|
| 320 |
|
|
|a Библиогр.: 2 назв.
|
| 461 |
|
1 |
|0 (RuTPU)RU\TPU\prd\1300
|x 0320-9326
|t Атомная техника за рубежом
|o научно-технический журнал
|f Росатом; Государственная корпорация по атомной энергии; Ядерное общество России (ЯОР)
|d 1957-
|
| 463 |
|
1 |
|0 (RuTPU)RU\TPU\prd\3319
|t № 2
|v С. 20-22
|d 2002
|
| 610 |
1 |
|
|a онкологические заболевания
|
| 610 |
1 |
|
|a радиационная терапия
|
| 610 |
1 |
|
|a протонные пучки
|
| 610 |
1 |
|
|a ускорители
|
| 610 |
1 |
|
|a нейтронная терапия
|
| 610 |
1 |
|
|a пучки адронов
|
| 675 |
|
|
|a 615.849
|v 3
|
| 700 |
|
1 |
|a Яблоков
|b Б. Н.
|
| 801 |
|
1 |
|a RU
|b 63413507
|c 20021021
|g PSBO
|
| 801 |
|
2 |
|a RU
|b 63413507
|c 20120419
|g PSBO
|
| 942 |
|
|
|c BK
|